[Event "FIDE Online Steinitz Memorial Open"]
[Site "Internet"]
[Date "2020.05.16"]
[Round "8"]
[White "Mamedyarov, Shakhriyar"]
[Black "Grischuk, Alexander"]
[Result "0-1"]
[WhiteElo "2716"]
[BlackElo "2765"]
[Annotator "TA"]
[PlyCount "94"]
[EventDate "2020.05.15"]
[EventType "tourn"]
[SourceTitle "playchess.com"]
[Source "ChessBase"]
[SourceQuality "1"]

{[%evp 24,94,14,20,10,0,0,-8,0,-11,0,0,17,18,29,-7,16,21,25,7,31,0,0,-13,-6,-13,-9,-26,-26,-79,-74,-77,-72,-72,-31,-31,-31,-26,-33,-35,-31,-24,-18,-95,-92,-100,-92,-113,-113,-195,-180,-478,-297,-413,-405,-397,-390,-29988,-292,-925,-925,-866,-686,-860,-677,-897,-837,-873,-349,-29988,-29972,-29990,-29991]} 1. d4 Nf6 2. c4 g6 3. Nf3 Bg7 4. Nc3 d6 5. g3 O-O 6. Bg2 Nbd7 7. O-O e5 8. Qc2 exd4 9. Nxd4 Nb6 10. Rd1 Nxc4 11. Ncb5 a6 12. Qxc4 axb5 13. Nxb5 Ne8 {13...Bd7 is not played anymore. E67: King's Indian: Fianchetto: 6...Nbd7.} 14. Qc2 Bf5 15. e4 Bg4 {The position is equal.} 16. f3 {[#]} Bd7 $146 ({Predecessor:} 16... Be6 17. Nc3 c6 18. Be3 b5 19. a3 Qb8 20. Ne2 Bc4 21. Bd4 Nf6 22. b3 Bxe2 23. Qxe2 {1-0 (51) Simek,P (2354)-Hollan,M (2341) Klatovy 2018}) 17. Nc3 Nf6 18. Be3 Re8 19. Re1 Bc6 20. Rad1 Nd7 21. Qd2 Ne5 22. Qc2 b5 23. a3 (23. f4 $5 {[%cal Rf4e5]} Ng4 24. Bd4 $11) 23... Qb8 24. f4 Nc4 25. Bc1 b4 26. axb4 (26. Nd5 $11 Bxd5 27. Rxd5 bxa3 28. bxa3 Nxa3 29. Qd3) 26... Qxb4 $17 27. Kh1 Rab8 28. Re2 Na5 29. Nd5 Bxd5 30. Rxd5 Nb3 $36 {[%mdl 2048] White must now prevent ...Nd4. Black has good play.} 31. Be3 Nd4 32. Bxd4 $1 Bxd4 33. e5 (33. Rd2 $11 {remains equal.} Bc5 34. Re2) 33... dxe5 34. fxe5 Re7 35. h4 Rbe8 {[%cal Rd4e5,Bb8e8,Be8e7,Be7e1][%mdl 32]} 36. Qc6 (36. Qd2 $17 Qxd2 37. Rxd2 Bxe5 38. R5d3) 36... Bxe5 $19 {...Qb3 is the strong threat.} 37. Re4 $2 (37. Rd3) 37... Qxb2 {Hoping for ...Qb1+.} 38. Re3 Bd6 39. Rxe7 Rxe7 40. Rd3 $2 {[#]} (40. Rd1 $19) 40... Qf6 $2 (40... Qb1+ {mates} 41. Kh2 Qxd3 42. Qa8+ Kg7 43. Qf3 Re3 44. Bf1 Rxf3 45. Bxd3 Rxd3 46. Kg2 Bxg3 47. h5 gxh5 48. Kh3 Kg6 49. Kg2 h4 50. Kf1 Rd2 51. Kg1 h3 52. Kf1 Rb2 53. Kg1 Rb1#) 41. Qf3 $2 (41. Rd1) 41... Re1+ 42. Kh2 Qxh4+ 43. Bh3 {Rxd6! would now be nice for White.} Qe7 44. Bg2 Kg7 45. Rb3 Qe5 $2 (45... h5 46. Rd3 h4) 46. Rb4 $2 {[#]} (46. Qc3 $19) 46... Re3 47. Qf4 Qh5+ {Accuracy: White = 39%, Black = 75%.} 0-1

[Event "FIDE Online Steinitz Memorial Open"]
[Site "Internet"]
[Date "2020.05.16"]
[Round "8"]
[White "Le, Quang Liem"]
[Black "Bu, Xiangzhi"]
[Result "1-0"]
[WhiteElo "2690"]
[BlackElo "2760"]
[Annotator "TA"]
[PlyCount "147"]
[EventDate "2020.05.15"]
[EventType "tourn"]
[SourceTitle "playchess.com"]
[Source "ChessBase"]
[SourceQuality "1"]

{[%evp 16,147,18,16,18,18,21,25,27,28,31,27,29,28,23,27,36,36,36,35,36,33,36,33,26,34,29,26,36,36,39,16,9,-23,-33,-34,-36,-29,-23,-35,-25,-34,0,0,0,0,0,0,0,0,0,0,14,0,0,0,0,0,0,-18,-18,-26,-23,-18,-17,-53,0,0,0,-2,0,0,0,0,0,0,0,0,0,0,0,0,0,0,39,0,39,39,39,0,0,0,39,0,808,769,761,747,1072,1046,1032,283,283,283,478,276,276,262,1010,800,785,691,1090,1083,1032,737,569,0,1017,1003,988,940,988,988,952,927,839,240,29974,29975,29976,29977,29977,29978]} 1. Nf3 d5 2. e3 Nf6 3. c4 c6 4. Nc3 e6 5. b3 Nbd7 6. Qc2 Bd6 7. Bb2 Qe7 8. d4 O-O 9. Bd3 e5 {D46: Semi-Slav: 5 e3 Nbd7 6 Bd3, Black avoids the Meran.} 10. cxd5 cxd5 11. dxe5 Nxe5 {White has an edge.} 12. Nxe5 Bxe5 13. Ne2 Bg4 14. Bxe5 Qxe5 15. Nd4 Rac8 16. Qb2 {[#]} Bd7 $146 ({Predecessor:} 16... Be6 17. Qd2 Ne4 18. Qa5 b6 19. Qxa7 Qd6 20. Bxe4 Qb4+ 21. Ke2 dxe4 {½-½ (34) Trs,J (2092)-Brichacek,M (2000) ICCF email 2003}) 17. h3 Ne4 18. O-O g6 19. Rac1 a6 20. Rxc8 Rxc8 21. Rc1 Rxc1+ 22. Qxc1 Qd6 23. a3 Nc5 24. Qc3 Nxd3 25. Qxd3 Qxa3 26. Qc3 Qd6 27. Ne2 b6 28. Qd4 Qc5 29. Qf6 Qc6 30. Qd8+ Kg7 31. Nd4 Qb7 32. Qe7 Qc8 33. Qd6 b5 34. Qxd5 Qc1+ 35. Kh2 Qc7+ 36. f4 Bc8 37. Ne2 Bb7 38. Qd4+ Kg8 39. Nc3 a5 40. Kg3 ({Don't blunder} 40. Nxb5 $2 Qc6 $1 $19 {[%mdl 512]}) 40... b4 (40... h6 $15) 41. Nd5 $1 $11 {[%cal Rd5c7]} Bxd5 $1 42. Qxd5 {[%mdl 4096] Endgame KQ-KQ} Qc3 43. Kf3 a4 44. Qa8+ Kg7 {White must now prevent ...a3.} 45. Qxa4 h5 46. Qa2 h4 47. Qb1 f5 48. Qd1 {Qd4+ is the strong threat.} Qc6+ 49. Kf2 Kh6 50. Qd4 {[%cal Rd4h8]} Kh7 (50... Qc2+ {is more complex.} 51. Kg1 Qc3 52. Kh2 Qxd4 53. exd4 Kg7) 51. Qxb4 {Hoping for Qd2.} Qc2+ 52. Kg1 Qc1+ $1 53. Kf2 {aiming for Qe1.} Qc2+ 54. Kf1 {And now Qe1 would win.} Qd1+ $2 {[%mdl 8192] Black is on the road to losing.} (54... Qd3+ $11 55. Kf2 Qc2+) 55. Qe1 $1 $18 {[%cal Re1d1]} Qd3+ 56. Kg1 Qxb3 57. Qxh4+ Kg8 58. Qd8+ $2 (58. Qe7 Qc3 59. Qe6+ Kh7 60. Kh2) 58... Kf7 59. Qd7+ Kf6 $2 (59... Kf8 60. Qd4 Qe6) 60. Qd4+ (60. Kf2 $142) 60... Kf7 61. Kh2 Qa3 $2 (61... Qe6 62. Kg3 Qc6) 62. e4 fxe4 63. Qxe4 Qc3 64. Qd5+ Kf8 65. Qd6+ Kf7 66. Qd5+ (66. Qd7+ $142 Kf8 67. Qd5) 66... Kf8 $1 67. Qe5 Qd3 68. Qf6+ Kg8 69. h4 Kh7 70. Qg5 Qe2 {[#]} 71. Qe5 $2 (71. h5 $1 gxh5 (71... Qxh5+ 72. Qxh5+) 72. f5 Qe5+ 73. Kh3) 71... Qg4 $2 {[#]} (71... Qd1 $18 72. f5 gxf5 73. Qxf5+ Kh8 74. Qf8+ Kh7) 72. Qe7+ $1 {White mates.} Kg8 {[#]} 73. Qg5 $1 Qe6 74. h5 {Accuracy: White = 77%, Black = 70%.} 1-0

[Event "FIDE Online Steinitz Memorial Open"]
[Site "Internet"]
[Date "2020.05.16"]
[Round "8"]
[White "Korobov, Anton"]
[Black "Anton Guijarro, David"]
[Result "1-0"]
[WhiteElo "2667"]
[BlackElo "2590"]
[Annotator "TA"]
[PlyCount "119"]
[EventDate "2020.05.15"]
[EventType "tourn"]
[SourceTitle "playchess.com"]
[Source "ChessBase"]
[SourceQuality "1"]

{[%evp 16,119,25,8,21,12,24,20,20,11,14,0,0,0,-12,-12,-13,0,-2,-45,-38,-61,-42,-58,-77,-54,-73,-70,-29,-29,-16,-19,-30,-25,-38,-20,-28,-75,-79,-124,-67,-88,12,-144,23,19,28,19,25,26,26,0,124,27,304,234,197,180,593,593,593,593,730,593,924,908,774,675,610,584,615,8,29987,2383,29986,29978,29978,29979,29971,2890,29956,29962,29961,29960,29976,29971,29971,29972,29972,29973,29973,29974,29974,29975,29975,29976,29976,29977,29976,29977,29979,29980,29981,29982,29982,29982]} 1. d4 d5 2. c4 dxc4 3. e4 Nf6 4. e5 Nd5 5. Bxc4 Bf5 6. Ne2 e6 7. Nbc3 Nb6 8. Bb3 Nc6 9. O-O Qd7 {D20: Queen's Gambit Accepted: 3 e3 and 3 e4.} 10. Be3 O-O-O 11. Qc1 Kb8 {The position is equal.} 12. Rd1 Qe8 {[#]} 13. a4 $5 $146 {[%mdl 8] Threatens to win with a5. New and interesting.} ({Predecessor:} 13. Nf4 f6 14. exf6 gxf6 15. d5 exd5 16. Ncxd5 Nxd5 17. Bxd5 Bd6 18. Qc3 Be4 19. Qc4 {½-½ (21) Fridman,D (2627)-Dziuba,M (2582) Germany 2020}) 13... Bb4 14. Bc2 Bxc2 15. Qxc2 f6 16. exf6 gxf6 17. Ne4 Nd5 18. Rac1 Rg8 19. Nf4 Nxf4 20. Bxf4 {[#]} Qg6 $1 {[%csl Gg8][%cal Rg6g2][%mdl 512]} 21. g3 Qf5 $40 {[%mdl 128] White must now prevent ...Qxf4. Black has some attack.} 22. Be3 $1 h5 23. Nc5 {Strongly threatening Na6+!} Qxc2 24. Rxc2 Bxc5 $1 25. Rxc5 e5 26. d5 Ne7 27. a5 Rd7 (27... b6 $17 28. Rb5 Kb7 29. axb6 axb6) 28. f4 e4 (28... h4 $17 29. fxe5 fxe5) 29. Bd4 $2 (29. d6 $1 $11) 29... Rxd5 $2 ({Stronger than} 29... Nxd5 30. Rxd5 $1 {[%mdl 512]} Rxd5 31. Bxa7+ $1 {[%mdl 512]} Kxa7 32. Rxd5 $14) (29... b6 $1 $17 {[%cal Rb6c5]} 30. axb6 axb6) 30. Rxd5 $11 Nxd5 {[#]} 31. Bxa7+ $1 {[%mdl 512]} Kxa7 32. Rxd5 $17 {[%mdl 4096] Endgame KR-KR} h4 $1 33. Kf2 Ka6 (33... hxg3+ $11 {remains equal.} 34. hxg3 e3+ {[%mdl 64] Decoy} 35. Kxe3 Rxg3+ 36. Ke4 Rb3) 34. Rf5 {White now steadily converts the win.} ({White has to play} 34. gxh4 $16 {Rf5 is the strong threat.} Rg4 35. Rf5) 34... Rd8 $2 {[%mdl 8192]} (34... hxg3+ $11 35. hxg3 Rg6) 35. gxh4 Rd2+ 36. Kg3 e3 $2 (36... Rxb2 {is a better chance.} 37. h5 (37. Rxf6+ Kxa5 38. h5 Rb3+ 39. Kh4 c5 $16) 37... Rb3+ 38. Kg4 Rb2) 37. Rxf6+ $18 Kxa5 38. Re6 Rxb2 39. h5 Rb5 40. Re5 c5 41. h6 Rb6 42. Rxc5+ Kb4 {[#]} 43. Rh5 $2 ({White must play} 43. h7 $1 $18 Rh6 44. Rc7) 43... Kc3 $2 {[%mdl 8192]} (43... Re6 $11 44. Re5 Rg6+ 45. Kf3 Rxh6) 44. Kf3 (44. h7 $142 Kb3 45. h8=Q Rg6+ 46. Rg5 Rxg5+ 47. fxg5 Kc2 48. g6 e2 49. Kf2) 44... Re6 45. Ke2 Re8 46. h7 Rh8 47. Kxe3 (47. f5 $142 Kd4 48. f6 Ke4 49. f7 Kd4 50. Rg5 Kc3 51. Kxe3 b6 52. Rg8 Rxh7 53. f8=Q) 47... b5 48. Rxb5 {White mates.} Rxh7 49. f5 Rxh2 50. Ke4 Kc4 51. Ra5 Re2+ 52. Kf4 Rf2+ 53. Kg5 Rg2+ 54. Kf6 Re2 55. Kf7 Kb4 56. Ra6 Kc5 57. f6 Kd5 58. Kf8 Rf2 59. f7 Rf1 60. Rg6 {Accuracy: White = 65%, Black = 54%.} 1-0

[Event "FIDE Online Steinitz Memorial Open"]
[Site "Internet"]
[Date "2020.05.16"]
[Round "9"]
[White "Grischuk, Alexander"]
[Black "Le, Quang Liem"]
[Result "0-1"]
[WhiteElo "2765"]
[BlackElo "2690"]
[Annotator "TA"]
[PlyCount "104"]
[EventDate "2020.05.15"]
[EventType "tourn"]
[SourceTitle "playchess.com"]
[Source "ChessBase"]
[SourceQuality "1"]

{[%evp 13,104,50,38,28,19,0,0,0,19,28,22,22,20,29,25,24,32,22,17,21,33,16,24,15,18,17,15,18,17,17,17,17,27,24,19,8,14,0,20,11,39,29,60,20,28,0,0,0,0,-9,0,0,0,0,34,35,32,33,38,0,87,77,80,0,0,0,0,0,14,0,8,8,8,0,0,0,0,0,0,0,0,0,0,-729,-681,-795,-760,-29986,-29987,-29988,-29989,-29989,-29990]} 1. d4 Nf6 2. c4 e6 3. g3 d5 4. Nf3 dxc4 5. Bg2 Nc6 6. Qa4 Bb4+ 7. Bd2 Nd5 8. Bxb4 {E04: Open Catalan: 5 Nf3.} Ndxb4 9. Na3 O-O 10. O-O {The position is equal.} Rb8 11. Qb5 b6 12. Qxc4 Ba6 13. Nb5 Qe8 14. Rfc1 Nd5 15. Qxc6 Qxc6 16. Rxc6 Bxb5 17. Rc2 Rfc8 {[#]} 18. e3 $146 ({Predecessor:} 18. Rac1 c5 19. dxc5 Nb4 20. Rd2 Nxa2 21. Ra1 Nb4 22. Rxa7 Nc6 23. Ra1 bxc5 24. e3 {½-½ (33) So,W (2780)-Caruana,F (2822) Saint Louis 2018}) 18... c5 19. dxc5 Nb4 20. Rc3 Rxc5 21. Rxc5 bxc5 22. Bf1 Kf8 23. Bxb5 Rxb5 $11 {[%mdl 4096] Endgame KRN-KRN} 24. Ne5 Ke7 25. Nc4 Nc6 26. Rc1 Rb7 27. Kf1 e5 28. Ke2 e4 29. a3 Ke6 30. Rc2 f5 31. f3 exf3+ 32. Kxf3 Rd7 33. Ke2 g5 34. Nd2 Rd5 35. b4 {[%cal Bb2b4,Bb4b5][%mdl 32]} Kd6 36. Nc4+ Kd7 (36... Kc7 $11) 37. b5 $16 Ne5 {[#]} 38. a4 (38. b6 $1 $16 {[%cal Rb6a7]} a6 39. b7) 38... Nxc4 $11 39. Rxc4 {KR-KR} Re5 40. Kd3 Kd6 41. e4 f4 42. gxf4 gxf4 43. Rc2 Rh5 44. a5 Rh3+ 45. Kc4 {And now e5+! would win.} Ra3 {[#] ...Ra4+ is the strong threat.} 46. Rd2+ Ke5 47. a6 f3 48. Kxc5 $2 {[%mdl 8192]} (48. Rd7 $11) 48... Kxe4 $19 49. Rd7 f2 50. Rf7 Rf3 {Black mates.} 51. Re7+ Kd3 52. Rd7+ Kc2 {Accuracy: White = 80%, Black = 89%.} 0-1

[Event "FIDE Online Steinitz Memorial Open"]
[Site "Internet"]
[Date "2020.05.16"]
[Round "9"]
[White "Bu, Xiangzhi"]
[Black "Svidler, Peter"]
[Result "1/2-1/2"]
[WhiteElo "2760"]
[BlackElo "2754"]
[Annotator "RC"]
[PlyCount "72"]
[EventDate "2020.05.15"]
[EventType "tourn"]
[SourceTitle "playchess.com"]
[Source "ChessBase"]
[SourceQuality "1"]
[TimeControl "180+2"]

1. Nf3 Nf6 2. c4 {[%emt 0:00:04]} c5 {[%emt 0:00:09]} 3. g3 {[%emt 0:00:01]} d5 {[%emt 0:00:07]} 4. cxd5 {[%emt 0:00:02]} Nxd5 {[%emt 0:00:01]} 5. Bg2 {[%emt 0:00:01]} Nc6 {[%emt 0:00:01]} 6. d4 {[%emt 0:00:01]} e6 {[%emt 0:00:26]} 7. O-O {[%emt 0:00:02]} Be7 {[%emt 0:00:02]} 8. Nc3 {[%emt 0:00:01]} O-O {[%emt 0:00:18]} 9. Nxd5 {[%emt 0:00:03]} exd5 {[%emt 0:00:01]} 10. dxc5 {[%emt 0:00:02]} Bxc5 {[%emt 0:00:00]} 11. Bg5 {[%emt 0:00:01]} f6 {[%emt 0:00:02]} 12. Rc1 {[%emt 0:00:03]} Bb6 {[%emt 0:00:02]} 13. Bd2 {[%emt 0:00:02]} Bf5 {[%emt 0:00:09]} 14. b4 {[%emt 0:00:04]} Be4 {[%emt 0:00:10]} 15. b5 {[%emt 0:00:09]} Ne5 {[%emt 0:00:04]} 16. Bb4 {[%emt 0:00:21]} Re8 {[%emt 0:00:03]} 17. Nxe5 {[%emt 0:00:01]} Bxg2 {[%emt 0:00:11]} 18. Kxg2 {[%emt 0:00:04]} Rxe5 {[%emt 0:00:02]} 19. Qd3 {[%emt 0:00:08]} d4 {[%emt 0:00:23]} 20. a4 {[%emt 0:00:07]} a6 {[%emt 0:00:02]} 21. bxa6 {[%emt 0:00:11]} Rxa6 {[%emt 0:00:03]} 22. Rfd1 {[%emt 0:00:59]} Qd5+ {[%emt 0:00:07]} 23. Kg1 {[%emt 0:00:03]} Re8 {[%emt 0:00:02]} 24. a5 {[%emt 0:00:11]} Bxa5 {[%emt 0:00:02]} 25. Rc5 {[%emt 0:00:04]} Qa2 {[%emt 0:00:08]} 26. Qb5 {[%emt 0:00:35]} Rea8 {[%emt 0:00:02]} 27. Qxb7 {[%emt 0:00:12]} Bxb4 {[%emt 0:00:09]} 28. Qxb4 {[%emt 0:00:03]} Qxe2 {[%emt 0:00:03]} 29. Qxd4 {[%emt 0:00:02]} h6 {[%emt 0:00:09]} 30. Rc7 {[%emt 0:00:02]} R6a7 {[%emt 0:00:10]} 31. Rxa7 {[%emt 0:00:05]} Rxa7 {[%emt 0:00:01]} 32. Qxa7 {[%emt 0:00:01]} Qxd1+ {[%emt 0:00:02]} 33. Kg2 {[%emt 0:00:01]} Qd5+ {[%emt 0:00:00]} 34. Kg1 {[%emt 0:00:02]} Qd1+ {[%emt 0:00:00]} 35. Kg2 {[%emt 0:00:01]} Qd5+ {[%emt 0:00:01]} 36. Kg1 {[%emt 0:00:00]} Qd1+ {[%emt 0:00:01]} 1/2-1/2

[Event "FIDE Online Steinitz Memorial Open"]
[Site "Internet"]
[Date "2020.05.16"]
[Round "9"]
[White "Xiong, Jeffery"]
[Black "Korobov, Anton"]
[Result "1-0"]
[WhiteElo "2724"]
[BlackElo "2667"]
[Annotator "TA"]
[PlyCount "51"]
[EventDate "2020.05.15"]
[EventType "tourn"]
[SourceTitle "playchess.com"]
[Source "ChessBase"]
[SourceQuality "1"]

{[%evp 16,51,31,35,37,31,54,54,50,37,23,26,72,36,41,20,45,0,0,0,0,0,53,0,0,-22,0,0,0,0,0,0,0,0,579,579,560,563]} 1. d4 d5 2. c4 c6 3. Nf3 Nf6 4. cxd5 cxd5 5. Nc3 Nc6 6. Bf4 a6 7. Rc1 Bf5 8. e3 e6 9. Qb3 Ra7 {D13: Slav Defence: Exchange variation without ...Bf5.} 10. Be2 Bd6 11. Bxd6 Qxd6 {White is slightly better.} 12. Na4 $5 {[%mdl 4] An interesting side line.} (12. Ne5 $5) 12... O-O 13. O-O {[#]} Rb8 $146 ({Predecessor:} 13... Nd7 14. Nc5 Nxc5 15. Rxc5 Ne7 16. Rfc1 b6 17. R5c3 Bg4 18. Qd1 Bxf3 19. Bxf3 g6 {1-0 (55) Corrales Jimenez,F (2552)-Abergel,T (2509) Harkany 2008}) 14. Nc5 (14. Qb6 $5 {[%cal Rc1c6]} Raa8 {[#]} 15. Ne5 $1 $14 {[%mdl 512]}) 14... Qd8 15. Qa3 h6 16. Nxb7 {[%mdl 64] [#] Remove Defender} Raxb7 17. Rxc6 Rxb2 18. Bxa6 Ne4 ({Better is} 18... R2b6 $11 19. Rxb6 Qxb6) 19. Rfc1 (19. Bd3 $14) 19... Kh7 $11 ({But not} 19... Nxf2 $2 20. Rc8 $18) 20. Rc8 Qb6 21. Rxb8 Qxb8 22. Rf1 Rc2 23. Bd3 Rc3 24. Qa6 Nc5 $2 {[%mdl 8192]} (24... Qb2 $11 {and Black is okay.}) 25. Bxf5+ $18 ({And not} 25. dxc5 Bxd3 26. Qa5 Qb2 $17) 25... exf5 26. dxc5 {Accuracy: White = 79%, Black = 69%.} 1-0

[Event "FIDE Online Steinitz Memorial Open"]
[Site "Internet"]
[Date "2020.05.16"]
[Round "9"]
[White "Dubov, Daniil"]
[Black "Carlsen, Magnus"]
[Result "1-0"]
[WhiteElo "2720"]
[BlackElo "2887"]
[Annotator "TA"]
[PlyCount "107"]
[EventDate "2020.05.15"]
[EventType "tourn"]
[SourceTitle "playchess.com"]
[Source "ChessBase"]
[SourceQuality "1"]

{[%evp 11,107,21,44,25,45,44,69,50,66,58,51,51,49,49,39,43,60,25,31,27,75,103,85,82,104,78,79,53,68,64,65,67,59,55,84,33,71,56,92,54,51,57,50,53,53,53,66,71,91,91,208,124,147,87,225,110,110,110,118,118,293,286,496,495,489,489,475,475,436,434,472,449,431,412,687,660,1374,1338,1455,1439,5983,5953,10568,8091,12843,12837,29981,29982,29982,29983,29983,29984,29984,29985,29985,29985,29987,29985]} 1. Nf3 Nf6 2. c4 g6 3. Nc3 Bg7 4. e4 d6 5. d4 O-O 6. Bd3 Bg4 {has lost popularity (6...c5).} 7. Be2 {E90: King's Indian: Classical: Early deviations and 6 h3.} Nfd7 8. Be3 {[#]} e5 $146 ({Predecessor:} 8... Bxf3 9. Bxf3 Nc6 10. O-O e5 11. d5 Nd4 12. Bg4 c5 13. dxc6 bxc6 14. Rb1 a5 {1-0 (86) Korabliov,A (2414)-Teeriaho,T (2396) ICCF email 2013}) 9. d5 $1 {White is slightly better.} a5 10. Nd2 {And now f3 would win.} Bxe2 11. Qxe2 (11. Nxe2 f5 $11) 11... f5 12. f3 Na6 13. O-O-O Nac5 14. Kb1 a4 15. a3 Rf7 16. exf5 gxf5 17. g4 Qf6 18. gxf5 Qxf5+ 19. Ka2 Qc2 20. Rc1 Qd3 $1 21. Qxd3 Nxd3 22. Rcg1 N7c5 23. Rg3 ({White should try} 23. Rg4 $16) 23... Kh8 24. Rhg1 Bf6 25. Nde4 Nxe4 26. Nxe4 {[#] Black must now prevent Bh6.} Nf4 27. Bxf4 exf4 28. Rg4 Raf8 29. Kb1 b6 30. Kc2 $40 {[%mdl 128] White has strong attack.} ({Of course not} 30. Rxf4 Be5 $11) 30... Be7 {[#]} (30... Be5 $16 {was necessary.}) 31. Kd3 (31. Kc3 $1 $18) 31... Bf6 32. R1g2 ({Much worse is} 32. Rxf4 $6 Bxb2 33. Rxf7 Rxf7 $11) (32. Nxf6 $142 {Rg8+ would kill now.} Rxf6 33. Re1) 32... h6 (32... Be5 $16 {was called for.}) 33. Rg6 (33. Rxf4 Be5 $11) (33. Nxf6 $18 {Intending Rg8+ and mate.} Rxf6 34. Kc3) 33... Bg7 $16 34. Re6 Kh7 35. Nc3 Bxc3 $2 (35... Ra8 $16 36. Kc2 Bf6) 36. Kxc3 $18 ({Weaker is} 36. bxc3 Rf5 $16) 36... Rg7 $2 (36... Ra8 {is a better defense.} 37. Rgg6 h5 38. Rh6+ Kg8 39. Rxh5 Rg7) 37. Rxg7+ Kxg7 {[%mdl 4096] Endgame KR-KR} 38. Re7+ Kf6 39. Rxc7 Re8 40. Rd7 Re3+ 41. Kd4 Rxf3 42. Rxd6+ Kf5 (42... Kg7 $142 43. Rxb6 Rf2) 43. Rxb6 Rf1 44. Rb8 Rd1+ 45. Kc5 f3 46. Rf8+ Ke4 47. d6 Rd2 48. Kc6 Rxh2 49. d7 {White mates.} Rd2 50. d8=Q Rxd8 51. Rxd8 h5 52. c5 h4 53. Kb5 f2 54. Rd1 {Accuracy: White = 78%, Black = 40%.} 1-0

[Event "FIDE Online Steinitz Memorial Open"]
[Site "Internet"]
[Date "2020.05.16"]
[Round "9"]
[White "Anton Guijarro, David"]
[Black "Mamedyarov, Shakhriyar"]
[Result "0-1"]
[WhiteElo "2590"]
[BlackElo "2716"]
[Annotator "TA"]
[PlyCount "100"]
[EventDate "2020.05.15"]
[EventType "tourn"]
[SourceTitle "playchess.com"]
[Source "ChessBase"]
[SourceQuality "1"]

{[%evp 14,100,14,14,12,3,7,20,12,-2,35,37,81,85,88,101,100,94,88,94,89,41,72,8,15,24,102,0,34,18,31,5,9,7,8,8,8,6,14,10,15,8,8,8,12,7,16,12,14,0,0,0,12,0,0,-3,0,-12,0,-6,0,0,0,0,0,0,0,0,0,0,6,0,7,-177,-175,-200,-193,-291,-284,-270,-270,-269,-266,-244,-229,-286,-195,-29982,-29983]} 1. Nf3 d5 2. b3 Nf6 3. Bb2 e6 4. c4 Be7 5. g3 O-O 6. Bg2 Nc6 7. O-O d4 8. e3 {[%cal Re3d4]} e5 {A14: English Opening: 1...e6 with b3 by White.} 9. exd4 exd4 10. d3 Bf5 {The position is equal.} 11. Re1 {[#]} Re8 $146 ({Predecessor:} 11... Bb4 12. Re2 Bc5 13. Na3 Nb4 14. Nb5 Nxd3 15. Bxd4 Ne4 16. Qxd3 Nxg3 17. Qe3 Bxd4 18. Nfxd4 Nxe2+ 19. Qxe2 {1-0 (30) Szmetan,J (2390)-Granda Zuniga,J (2525) Rio Hondo 1987}) 12. Na3 Qd7 {[#]} 13. Nc2 $1 Bc5 14. Qd2 a5 15. a3 Qd6 16. Nh4 Bd7 17. Rab1 h6 18. Bc1 (18. Bxc6 $16 Qxc6 19. Rxe8+ (19. Bxd4 Bxd4 20. Nxd4 Qd6 $11) (19. Nxd4 Qb6 $16) 19... Nxe8 20. Ng2 (20. Bxd4 Bxd4 21. Nxd4 Qf6 $14) (20. Nxd4 Qb6 $14)) 18... Rxe1+ $11 19. Qxe1 Qe5 {[#]} (19... Re8 $11 20. Qd2 Bg4) 20. Qf1 (20. Qd2 $1 $16) 20... Qe7 21. Nf3 Bf5 {[#]} 22. b4 $1 {[%mdl 512]} axb4 23. axb4 Ra2 24. Rb2 Rxb2 25. Bxb2 Nxb4 26. Nxb4 Bxb4 27. Nxd4 Bg6 28. Qd1 c6 29. Nf3 Nd7 30. d4 Ba3 31. Bxa3 Qxa3 32. d5 Qd6 (32... cxd5 {is more complex.} 33. Qxd5 Nf6 34. Qd8+ Kh7 35. Qd1 Qc3) 33. Nd4 cxd5 34. cxd5 Nf6 35. Ne2 Bh5 36. Qd2 Bxe2 37. Qxe2 Kf8 38. Qb5 b6 39. Bf3 Ke7 40. Kg2 g5 41. Qe2+ Kf8 42. h3 h5 43. g4 $2 {This costs White the game.} (43. Kg1 $11) 43... hxg4 $19 44. hxg4 Nxd5 {Hoping for ...Nf4+.} 45. Bxd5 (45. Kf1 $142 Nf4 46. Qa6) 45... Qxd5+ {KQ-KQ} 46. f3 b5 47. Qb2 Ke7 48. Qb4+ Ke6 49. Qf8 Qd2+ 50. Kg3 $2 (50. Kh3 $19) 50... Qd6+ {Accuracy: White = 67%, Black = 88%.} 0-1